Heritage at risk 2010 (Record no. 110869)

MARC details
000 -LEADER
fixed length control field 01038cad a22002175a 4500
001 - CONTROL NUMBER
control field E150440
008 - FIXED-LENGTH DATA ELEMENTS--GENERAL INFORMATION
fixed length control field 100714s2010 xxk 000 0 eng d
035 ## - SYSTEM CONTROL NUMBER
System control number (Sirsi) u150440
041 0# - LANGUAGE CODE
Language code of text/sound track or separate title eng
110 2# - MAIN ENTRY--CORPORATE NAME
Corporate name or jurisdiction name as entry element English Heritage
9 (RLIN) 2714
245 00 - TITLE STATEMENT
Title Heritage at risk 2010
Medium [electronic resource]
260 ## - PUBLICATION, DISTRIBUTION, ETC.
Place of publication, distribution, etc. London
Name of publisher, distributor, etc. English Heritage
Date of publication, distribution, etc. 2010
520 ## - SUMMARY, ETC.
Summary, etc. The Heritage at Risk Register for 2010 suggests that there has been a reduction in the number of "at risk" Grade I and II* buildings being saved due to the recession, and reports that progress on some current projects has slowed due to funding problems.
590 ## - LOCAL NOTE (RLIN)
Local note KA
650 24 - SUBJECT ADDED ENTRY--TOPICAL TERM
Topical term or geographic name entry element HERITAGE AT RISK REGISTER
651 #4 - SUBJECT ADDED ENTRY--GEOGRAPHIC NAME
Geographic name England
Chronological subdivision 886-
690 ## - LOCAL SUBJECT ADDED ENTRY--TOPICAL TERM (OCLC, RLIN)
Topical term or geographic name as entry element BUILT ENVIRONMENT-BUILDING MAINTENANCE AND REFURBISHMENT-BUILDING CONSERVATION
690 ## - LOCAL SUBJECT ADDED ENTRY--TOPICAL TERM (OCLC, RLIN)
Topical term or geographic name as entry element BUILT ENVIRONMENT-BUILDING TYPES-ANCIENT MONUMENTS AND HISTORIC BUILDINGS
856 40 - ELECTRONIC LOCATION AND ACCESS
Uniform Resource Identifier <a href="https://www.english-heritage.org.uk/publications/har-2010-report/">https://www.english-heritage.org.uk/publications/har-2010-report/</a>
Public note View the report free of charge at www.english-heritage.org.uk
942 ## - ADDED ENTRY ELEMENTS (KOHA)
Suppress in OPAC 0
Holdings
Withdrawn status Lost status Source of classification or shelving scheme Damaged status Not for loan Home library Current library Shelving location Date acquired Total Checkouts Full call number Barcode Date last seen Copy number Price effective from Koha item type
    Dewey Decimal Classification     Virtual Virtual Online 14/07/2010   ONLINE PUBLICATION 150440-2001 06/08/2019 1 06/08/2019 Book